000
00328nam a22001457a 4500
020
_a
817439056-1
082
_a
001
_b
PAP/H
100
_a
PAPARCHONTIS,KATHLEEN
245
_a
100 WORLD LEADERS
250
_a
FIRST
260
_a
NEW DELHI
_b
GEMINI BOOKS
_c
2002
300
_a
112
650
_a
WORLD LEADERS
_z
NEW DELHI
942
_c
BK
999
_c
6557
_d
6557